STN EN 13445-6/A2: 2019 (69 0010), Nevyhrievané tlakové nádoby Časť 6 Požiadavky na navrhovanie a výrobu tlakových nádob a častí nádob zhotovených z tvárnej liatiny s guľôčkovým grafitom
Táto zmena A2 STN EN 13445-6: 2016 je slovenskou verziou európskej normy EN 13445-6 2014/A2: 2018 Preklad zabezpečil Úrad pre normalizáciu, metrológiu a skúšobníctvo Slovenskej republiky. Táto norma má rovnaké postavenie, ako majú oficiálne verzie
| Médium: | Kniha |
|---|---|
| Jazyk: | slovenčina angličtina |
| Fyzický popis: | 8 s. obr., tab. 30 cm |
| Vydavateľské údaje: |
Bratislava
Úrad pre normalizáciu, metrológiu a skúšobníctvo Slovenskej republiky
2019
|
| Predmet: |
MARC
| LEADER | 00000cam a2200000 a 4500 | ||
|---|---|---|---|
| 001 | vtls011875297 | ||
| 003 | SK-MaSNL | ||
| 005 | 20260301184903.0 | ||
| 008 | 190704s2019 xo a f u 000 0 slo | ||
| 015 | |a SNBN2019 | ||
| 040 | |a SNK |b slo |c SNK |e AACR2 | ||
| 041 | 1 | |a slo |h eng | |
| 044 | |a xo |c SK | ||
| 046 | |a s |m 20190501 (účin.) | ||
| 072 | 7 | |a 621 |x Strojárstvo |2 konspekt | |
| 080 | |a 621.772 |2 2001 | ||
| 080 | |a 006.7/.8 |2 2001 | ||
| 080 | |a (437.6) |2 2001 | ||
| 080 | |a (4) |2 2001 | ||
| 084 | |a 23.020.30 |2 ICS | ||
| 130 | 0 | |a STN 69 0010 (STN EN 13445-6/A2) |9 562128 | |
| 245 | 1 | 0 | |a STN EN 13445-6/A2: 2019 (69 0010), Nevyhrievané tlakové nádoby |n Časť 6 |p Požiadavky na navrhovanie a výrobu tlakových nádob a častí nádob zhotovených z tvárnej liatiny s guľôčkovým grafitom |
| 246 | 1 | 0 | |a Nevyhrievané tlakové nádoby. Časť 6 |
| 246 | 1 | 0 | |a Požiadavky na navrhovanie a výrobu tlakových nádob a častí nádob zhotovených z tvárnej liatiny s guľôčkovým grafitom |
| 246 | 3 | 0 | |a EN 13445-6: 2014/A2: 2018 SK |
| 260 | |a Bratislava |b Úrad pre normalizáciu, metrológiu a skúšobníctvo Slovenskej republiky |c 2019 | ||
| 300 | |a 8 s. |b obr., tab. |c 30 cm | ||
| 500 | |a Súbežný názov v angličtine, francúzštine, nemčine | ||
| 504 | |a Súvisiace právne predpisy s. 2 | ||
| 520 | 8 | |a Táto zmena A2 STN EN 13445-6: 2016 je slovenskou verziou európskej normy EN 13445-6 2014/A2: 2018 Preklad zabezpečil Úrad pre normalizáciu, metrológiu a skúšobníctvo Slovenskej republiky. Táto norma má rovnaké postavenie, ako majú oficiálne verzie | |
| 540 | |a STN vydané na akomkoľvek nosiči sa môžu rozmnožovať a rozširovať iba so súhlasom určenej právnickej osoby |b SÚTN Bratislava |c zákon 264/1999 Z. z. | ||
| 650 | 0 | 7 | |a tlakové nádoby |2 SNKPH |9 73347 |
| 650 | 0 | 7 | |a technické normy a štandardy |z Slovensko |2 SNKPH |9 79594 |
| 650 | 0 | 7 | |a technické normy a štandardy |z krajiny Európskej únie |2 SNKPH |9 289341 |
| 650 | 0 | 7 | |a pressure vessels |2 SNKPHeng |9 301707 |
| 650 | 0 | 7 | |a kotly |2 SNKPH |9 20560 |
| 655 | 7 | |a normy |2 SNKPH |9 70643 | |
| 710 | 1 | |a Slovensko. |b Úrad pre normalizáciu, metrológiu a skúšobníctvo |4 stn |9 158117 | |
| 710 | 2 | |a Slovenský ústav technickej normalizácie (Bratislava, Slovensko). |b Technická komisia č. 68 Kotly a tlakové nádoby |4 stn |9 320439 | |
| 774 | 1 | 8 | |t STN EN 13445-6: 2016 |d Bratislava : Úrad pre normalizáciu, metrológiu a skúšobníctvo Slovenskej republiky, 2016 |w vtls011466440 |
| 774 | 1 | 8 | |t STN EN 13445-6/A1: 2016 |d Bratislava : Úrad pre normalizáciu, metrológiu a skúšobníctvo Slovenskej republiky, 2016 |w vtls011559068 |
| 852 | |a Štátna vedecká knižnica v Banskej Bystrici | ||
| 958 | |a OP | ||
| 958 | |a NB | ||
| 999 | |c 862005 |d 863935 | ||
| 952 | |a SNK |b SNK |y PREZ |7 0 |p 17A1377392 |o snkSTN EN 13445-6/A2 |i snk2019/24011 |8 0 |0 0 |1 0 |4 0 |d 2019-09-26 |l 0 |r 2026-02-24 05:15:34 |w 2026-02-24 | ||
| 952 | |a SNK |b SNK |y PREZ |7 0 |p 17A1377391 |o snkSTN EN 13445-6/A2 D1 |i snk2019/24012 |8 0 |0 0 |1 0 |4 0 |d 2019-09-26 |l 0 |r 2026-02-24 05:15:34 |w 2026-02-24 | ||


